| 000 | 00368 a2200133 4500 | ||
|---|---|---|---|
| 001 | 90824 | ||
| 082 | _aPR 1411 | ||
| 090 |
_c42994 _d42994 |
||
| 100 | _aKazim raza; Prof Naeem & Eubaid John, advisors | ||
| 245 |
_aInstallation of thrust measurement system on J-69 test bed _cG-55 |
||
| 260 |
_aRisalpur _bNUST _c2002 |
||
| 300 | _a48 p. | ||
| 500 | _aBE project report | ||
| 942 |
_aCAE NUST _kPR 1411 |
||
| 999 |
_c325897 _d325897 |
||